Biblioteca

Origen y desarrollo del sistema de referencia cronológica para el antiguo Oriente (Registro nro. 67081)

Detalles MARC
000 -LÍDER
Campo fijo de descripción fija 01644nab a2200217 i 4500
001 - NÚMERO DE CONTROL
Campo de control 768714001
003 - IDENTIFICADOR DEL NÚMERO DE CONTROL
Campo de control CO-MdFUSB
005 - FECHA Y HORA DE LA ULTIMA TRANSACCIÓN
control field 20230111164921.0
008 - ELEMENTOS DE LONGITUD FIJA -- INFORMACIÓN GENERAL
Campo fijo de descripción fija -- Información general 211214b ck ||||| |||| 00| 0 eng d
022 ## - NÚMERO INTERNACIONAL NORMALIZADO PARA PUBLICACIONES SERIADAS
Número Internacional Normalizado para Publicaciones Seriadas 1014-9341
040 ## - FUENTE DE CATALOGACIÓN
Idioma de catalogación spa
Agencia Catalogadora CO-MdFUSB
Agencia que realiza la transcripción CO-MdFUSB
Agencia que realiza la modificación CO-MdFUSB
041 ## - CÓDIGO DE IDIOMA
Código de idioma para texto/pista de sonido o título separado spa
100 ## - ASIENTO PRINCIPAL--NOMBRE PERSONAL
Término relacionador autor
Nombre personal Smith Kennedy, Donald
245 ## - TÍTULO
Título Origen y desarrollo del sistema de referencia cronológica para el antiguo Oriente
Subtitulo (Segunda de tres partes)
Mención de responsabilidad / Donald Smith Kennedy
300 ## - DESCRIPCIÓN FÍSICA
Extensión Número 51 (Julio - Diciembre, 2012), páginas 9-38
Dimensiones ; 22 cm
520 ## - NOTA DE RESUMEN, ETC.
Nota de sumario, etc. En el siglo III d.C Julio Africano combinó combinó el método judío de calcular años a partir de la creación con el método griego de olimpiadas y dinastías egipcias para escribir la primera cronología universal que se conoce. En el siglo IV Eusebio preparó su Crónica, una enorme tabla que incluía la cronología bíblica, las olimpiadas, las dinastías egipcias y los cónsules romanos, y que llegó a ser la base de un milenio. Así, fue adoptada por Jerónimo, Agustín, Sincelo y Al-Biruni. Entre los siglos XVI y XVIII, a partir de Copérnico, la astronomía nueva impactó en la metodología para calcular fechas antiguas, y se escribieron muchas obras cronológicas. Especialmente influyentes eran las de James Ussher y Isaac Newton, todavía basadas en medida significativa en los datos bíblicos.
650 #0 - ASIENTO SECUNDARIO DE MATERIA - TERMINO TEMÁTICO
9 (RLIN) 1196
Término temático o nombre geográfico como elemento de entrada Cristianismo.
Subdivisión general Historia -
Subdivisión cronológica Siglo XX
690 ## - CAMPO LOCAL DE ACCESO TEMÁTICO
Término temático o nombre geográfico como elemento de entrada Biografías cristianas
773 0# - ASIENTO DE ITEM FUENTE
Biblionumber 49489
Itemnumber 80000
Otro identificador del ítem R2083
Título Kairós
Número de control del registro (CO-MdFUSB)768714001
Número Internacional Normalizado para Publicaciones Seriadas (ISSN) 10149341
Parte(s) relacionada(s) / Volumen., número. (mes año), páginas Número 51 (Julio - Diciembre, 2012), páginas 9-38
Enumeración y primera página Página 9
942 ## - TIPO DE MATERIAL (KOHA)
Tipo de Item KOHA Artículos de Revista

No hay ítems disponibles.

Biblioteca FUSBC | Teléfono: (57+4) 349 88 10 Ext. 141| WhatsApp (+57) 3005338115 
E-mail: biblioteca@unisbc.edu.co | Calle 76 87-14 Robledo Palenque, Medellín, Colombia

Con tecnología Koha